[Event "XXXV Olimpiada"]
[Site "Bled"]
[Date "2002.11.10"]
[Round "14"]
[White "Arakhamia, Ketevan"]
[Black "Benderac, Ana"]
[Result "0-1"]
[WhiteElo "2413"]
[BlackElo "2300"]
[Annotator "Martin, A"]
[PlyCount "58"]
[EventDate "2002.10.26"]
[EventType "team"]
[Source "EDAMI"]
[SourceDate "2006.12.20"]

{La derrota de las georgianas en la última ronda les apartó incluso de las
medallas. Al parecer jugaron muy presionadas y su moral ya estaba por los
suelos y la presente partida es una buena muestra} 1. e4 e6 2. d4 d5 3. Nc3
dxe4 4. Nxe4 Nd7 5. Nf3 Ngf6 6. Nxf6+ Nxf6 7. c3 ({Perfectamente jugable,
aunque este movimiento todavía no es necesario. Las alternativas} 7. Bd3 {o}) (
7. Bg5 {son más naturales. Sin embargo la jugada de la partida ha vuelto a
adquirir popularidad a raíz de la victoria de Kasparov sobre Ponomariov en el
último torneo de Linares.}) 7... c5 8. Ne5 a6 {A pesar de la pérdida de tiempo,
esto se considera lo mejor para evitar Bb5. Ponomariov jugó} (8... Nd7 {
y experimentó grandes dificultades tras} 9. Bb5 Bd6 10. Qg4 {pues no vale 10...
0-0 11.Bxd7 seguido de Bh6. Por ello las negras debieron jugar} Kf8 {
a lo que Kasparov sacrificó un peón con} 11. O-O (11. Bxd7 Bxd7 12. Bg5 {
era también muy interesante}) 11... Nxe5 12. dxe5 Bxe5 13. Bg5 Bf6 14. Rad1 Qc7
15. Qh4 {con buena compensación. Kasparov-Ponomariov. Linares 2002}) 9. Be3 ({
En la partida Kasimdzhanov,R-Dorfman,J. Bundesliga 2002 las blancas jugaron} 9.
Qa4+ Bd7 ({Después de} 9... Nd7 10. Be3 Qc7 {
se llegaría a la misma posición que en la partida.}) 10. Nxd7 Qxd7 11. Qxd7+
Nxd7 12. dxc5 Bxc5 13. Be2 {con una agradable aunque pequeña ventaja, gracias
a la pareja de alfiles. Sin embargo, en dicha partida las negras fueron
capaces de neutralizarla y lograr finalmente tablas, por lo que es posible que
Arakhamia tuviese preparada esta continuación para reforzar la variante.}) 9...
Qc7 10. Qa4+ Nd7 ({Ahora las negras tienen dificultades de desarrollo, pero si
} 10... Bd7 11. Nxd7 Qxd7 12. Qxd7+ Nxd7 {las blancas, en comparación con la
partida mencionada en el comentario anterior, tendrían un tiempo de más. Ahora,
por transposición de jugadas, se ha llegado a la misma posición que en la
partida Adams-Anand del mismo torneo de Linares de 2002.}) 11. O-O-O cxd4 ({
Después de} 11... Bd6 12. Bb5 {las complicaciones derivadas de} axb5 13. Qxa8
cxd4 14. Nxd7 dxe3 15. Rxd6 Qxd6 16. Qxc8+ Ke7 17. Qxb7 Qd2+ 18. Kb1 Qd3+ 19.
Ka1 Qxd7 20. Qxd7+ Kxd7 21. Rd1+ {llevaron a un final superior para el blanco.
Yakovich,Y-Yagupov,I. St Petersburgo 1998 aunque parece que las blancas podían
tomar la torre de h8 impunemente.}) 12. Bxd4 ({Es más fuerte} 12. Nxd7 {
que fue la continuación elegida por Adams en la mencionada partida con Anand.
Tras} Qxd7 (12... Bxd7 13. Qxd4 {es muy agradable para las blancas, ya que el
rey negro tiene dificultades para enrocar por cualquier flanco, lo que se
comprobó en una partida muy reciente:} Rd8 14. Be2 Qa5 15. Qa7 Qxa2 16. Bb5 {
con fuertes amenazas. Vorobiov,E - Zakharevich,I. St Petersburgo, Noviembre2002
}) 13. Qc2 Bc5 14. Bxd4 Bxd4 15. Rxd4 Qc7 16. Bd3 {
las blancas mantienen una pequeña ventaja. Adams-Anand. Linares 2002}) 12...
Bd6 13. Nd3 ({Novedad, aunque no parece que sea suficiente para asegurar
ninguna ventaja. De todas formas con} 13. Nxd7 Bxd7 14. Qb3 O-O {
las blancas tampoco lograron nada. Dvoirys,S-Zakharevich,I. St Petersburgo 1998
}) 13... b5 14. Qc2 e5 ({Las negras tienen ya un buen juego y aprovechan la
ocasión de ganar algunos tiempos, aunque la sencilla} 14... O-O {
tampoco tenía nada de malo.}) 15. Be3 Bb7 16. f3 Rc8 17. Nf2 Bc5 ({
También era interesante} 17... b4) ({En cuanto a} 17... O-O {
podría resultar prematura, ya que aunque las negras no tienen nada que temer de
} 18. Qd2 Bc5 {
la continuación 18.Bd3 permite a las blancas desarrollarse cómodamente.}) 18.
Qd2 Bxe3 19. Qxe3 Qc5 $6 ({
Pero esta jugada es demasiado simple. La continuación} 19... b4 20. c4 O-O {
daba a las negras un juego excelente.}) 20. Qd2 ({Posiblemente las
consideraciones deportivas influyesen en la continuación elegida por la
jugadora georgiana. Objetivamente lo mejor era aceptar un juego igualado con} 
20. Qxc5 Nxc5 21. Nd3) 20... Nb6 $6 ({
Esto lleva a complicaciones poco claras. Lo más sencillo era} 20... Rd8 {
seguido de 0-0 y las negras no tienen problemas.}) 21. Nd3 Qd5 $2 ({Ahora las n
egras quedan en dificultades por la posición de su rey sin enrocar. A} 21...
Qc7 {seguiría igualmente} 22. Nxe5 {
aunque en este caso las negras podrían contestar con} b4 {
y obtener suficiente compensación por el peón.}) 22. Nxe5 Qxa2 23. Qd6 Bd5 ({
Forzada. Si} 23... Na4 24. Nc4 Nc5 25. Nb6 {es decisiva.}) 24. Bd3 $2 ({
Tras este error la ventaja vuelve al lado de las negras. No es fácil evaluar
las complicacionesderivadasde} 24. Qxb6 Qa1+ (24... Bb3 25. Bxb5+ axb5 26.
Qxb5+ Kf8 27. Qb4+ Kg8 28. Nc6) 25. Kd2 (25. Kc2 $2 Bb3+) 25... Qxb2+ 26. Ke3
Qxc3+ 27. Kf4 {aunque parecen favorables a las blancas.}) ({Pero lo mejor era} 
24. Bc4 $1 Qa1+ ({Si} 24... bxc4 25. Rhe1) 25. Kc2 Qa4+ 26. Kb1 Rd8 {
y tras el golpe} 27. Nd7 $1 {
las negras quedan ante graves problemas, por ejemplo:} Rxd7 28. Rhe1+ Be6 29.
Rxe6+ fxe6 30. Qxe6+ Re7 31. Qc6+ Rd7 32. Re1+ Kd8 33. Qxb6+ {ganando.}) 24...
Qa1+ 25. Bb1 (25. Kc2 $2 {falla por} Bb3+) ({En cambio} 25. Kd2 Qxb2+ 26. Ke3 {
parece peligrosa, aunque posiblemente fuese la mejor opción, pues no se ve una
forma clara para las negras, de explotar la expuesta situación del rey blanco.
Lo mejor parece} Be6 27. Qxb6 O-O {con una posición dificil de valorar.}) 25...
Ba2 26. Kc2 $2 ({Esto pierde de inmediato. Era necesario} 26. Qd3 {y todavía qu
eda mucha partida por delante, pues el rey negro tampoco está seguro en el
centro y} g6 {puede contestarse con} 27. Nd7) 26... Bb3+ $1 {Taal vez las
blancas omitieron este golpe. El alfil no puede tomarse por Qa4 mate, mientras
que la jugada 27.Kd2 se responde con 27...Rd8. Pero lo que sigue no es mejor.}
27. Kc1 Rxc3+ 28. Kd2 Qxb2+ 29. Ke1 Re3+ 0-1

[Event "Cerrado CEMAR A"]
[Site "Mondariz "]
[Date "2002.12.22"]
[Round "8"]
[White "Narciso Dublan, Marc"]
[Black "Cheparinov, Ivan"]
[Result "1-0"]
[WhiteElo "2467"]
[BlackElo "2473"]
[Annotator "Hoffman, A"]
[PlyCount "119"]
[EventDate "2002.12.15"]
[EventType "game"]
[Source "EDAMI"]
[SourceDate "2006.12.20"]

1. d4 Nf6 2. Nf3 e6 3. e3 c5 4. Bd3 Be7 5. O-O O-O 6. dxc5 Bxc5 7. e4 d6 {
Tras varias transposiciones con 7...d5 se hubiera arribado a una Francesa
normal. Ahora parece una estructuradeSiciliana} 8. a3 Nc6 9. b4 {
Fiel a su estilo Narciso va incrementando su espacio} Bb6 10. Nbd2 Ne7 (10...
Bc7 $5) 11. Nc4 Bc7 12. Nxd6 $1 Bxd6 13. e5 Bxe5 14. Nxe5 $14 {
por la pareja de alfiles} Ng6 15. Bb2 b6 16. Qf3 Qd5 17. Qxd5 exd5 18. Rfe1 {
En casi todas sus partidas Narciso jugó posiciones de iniciativa y de ataque.
En esta veremos al flamante Gran Maestrojugandoposicional} Nf4 19. Nc6 $1 {
Transformación de la ventaja} Nxd3 20. cxd3 Be6 21. Bxf6 gxf6 22. Rac1 Rfe8 23.
Kf1 Kf8 24. Nd4 Bd7 25. Rc7 Rxe1+ 26. Kxe1 Ke8 27. Nc6 $1 {Cuesta desprenderse
del caballo bonito de d4 pero si las negras cambian quedarían sumamente
pasivas y en clara desventaja en el final de torres} a5 28. b5 Rc8 29. Rxc8+
Bxc8 30. Kd2 Kd7 31. Kc3 Kd6 32. Nd4 Bd7 33. a4 Bg4 34. f3 Bd7 35. Ne2 Kc5 36.
d4+ Kd6 37. Ng3 f5 (37... Bc8 38. Kd3 Bd7 39. Ke3 Bc8 40. Kf4 Bd7 41. Nf1 Bc8
42. Ne3 Bd7 43. g4 $18) 38. Nh5 f4 $1 {
Activar el Alfil es la única chance de contrajuego} (38... Bc8 39. Kd3 Bd7 40.
Ke3 Be6 41. Kf4 Bd7 42. Kg5 Bxb5 43. axb5 a4 44. Ng3 a3 45. Nxf5+ Ke6 46. Ne3
a2 47. Nc2 $18) 39. Nxf4 Bf5 40. g4 Bd7 41. Kd3 f6 42. Ke3 Be8 43. h4 h6 44.
Ne2 Bg6 45. Nc3 Bc2 46. Kf4 Ke6 47. g5 fxg5+ 48. hxg5 hxg5+ (48... h5 49. Kg3
Bg6 50. Kh4 Bf7 51. Ne2 Kf5 52. Nc1 $1 $18) 49. Kxg5 $18 Bb3 50. f4 Bc2 51. f5+
$1 Bxf5 52. Nxd5 Bc2 53. Nxb6 Bb3 54. Kf4 Kd6 55. Ke4 Bc2+ 56. Ke3 Bb3 57. Kd3
Kc7 58. Kc3 Bd1 59. Nd5+ Kd6 60. Ne3 {en el finish} 1-0

[Event "XX Magistral de Linares"]
[Site "Linares"]
[Date "2003.03.02"]
[Round "8"]
[White "Ponomariov, Ruslan"]
[Black "Anand, Viswanathan"]
[Result "1/2-1/2"]
[WhiteElo "2734"]
[BlackElo "2753"]
[Annotator "Martin, A"]
[PlyCount "88"]
[EventDate "2003.02.22"]
[EventType "team"]
[EventCountry "ESP"]
[Source "EDAMI"]
[SourceDate "2006.12.20"]

1. e4 c5 2. Nf3 Nc6 3. Bb5 {Una vez más se plantea esta jugada, renunciando a
la continuación habitual 3.d4. Como ya hemos mencionado, los buenos resultados
obtenidos por las negras con la variante Pelikan parecen tener buena culpa de
ello. Precisamente Anand ya jugó dicha variante contra Ponomariov en el toneo
de Mainz 2002 y aunque las blancas ganaron la partida, la batalla teórica de
la apertura no les fue especialmente favorable.} e6 4. Bxc6 ({Definiendo de
inmediato la lucha con los peones doblados. Ponomariov es partidario de este
cambio rápido, que también jugó frente a Kramnik en la segunda ronda, aunque
tras 3...g6. El problema es que también cuesta un tiempo. La continuación más
habitual es} 4. O-O Nge7 5. c3 a6 {
aunque entonces las negras ya pueden recapturar en c6 con una pieza.}) 4...
bxc6 5. d3 ({Más elástico es antes} 5. O-O {sin decidir todavía la disposición
de los peones, pero las blancas tienen otros planes.}) 5... Ne7 6. Qe2 Qc7 ({
La idea de retrasar el enroque aparece clara si las negras continuan con} 6...
Ng6 {ya que entonces la respuesta} 7. h4 {resulta desagradable.}) 7. Ng5 ({
Curiosamente la partida Anand-Grischuk del torneo de Wijk Aan Zee 2003, jugada
un mes antes, habíacontinuadocon} 7. Nc3 Ng6 8. Ng5 e5 9. Qh5 d6 10. O-O h6 11.
Nh3 Be7 12. Kh1 Bf6 13. Ng1 {y aquí se acordaron las tablas. Ponomariov
acelera el salto del caballo a g5 para abrir paso a su peón "f", lo que ya se
había jugado, por las mismas fechas, en una partida Marcelin-Lautier del Cto.
de Francia por equipos.}) 7... h6 ({La mencionada partida continuó} 7... e5 8.
O-O h6 9. Nh3 g5 {y las negras han conseguido su objetivo y puesto en duda la
eficacia de la maniobra del caballo. Pero 8.Qh5 es mucho más natural.}) 8. Nh3
g6 (8... g5 {a semejanza de la partida de Lautier, sería contestada con} 9. f4)
9. f4 Bg7 10. c4 e5 ({Animadas por el juego un tanto excéntrico de las blancas,
Anand decide actuar de inmediato en el centro. También era posible un
desarrollo más tranquilo con} 10... d6 11. Nc3 Rb8 12. O-O O-O {seguido eventua
lmente de ...f5, donde las negras tienen una posición muy satisfactoria.}) 11.
Nc3 d5 12. O-O O-O (12... Bxh3 13. gxh3 {parece tentadora, aunque también
presenta inconvenientes, ya que las negras se desprenden de su alfil más
valioso. La línea} dxc4 14. dxc4 exf4 15. Bxf4 Qd7 16. Rad1 {
no puede valorarse como ventajosa a las negras pues si} Qxh3 17. e5 O-O 18. Ne4
{sería imposible mantener el peón de más.}) 13. g4 $5 ({Una continuación
arriesgada, aunque es evidente que los caminos tranquilos llevarían a una
posición donde las perspectivas de las negras serían superiores. Ahora las
blancas amenazan f5.} 13. Qf3) 13... exf4 14. Bxf4 Qd7 15. exd5 cxd5 16. Rae1 (
{No hay tiempo para defender el peón g4, ya que si} 16. Nf2 Bb7 17. Rae1 Rae8 {
las negras tienen una posición excelente.}) 16... Nc6 $5 ({Después de esta
jugada las negras igualmente quedan algo mejor. Pero de todas formas
sacrificar el peón d5 parece innecesario ya que tras el cambio previo} 16...
dxc4 {las blancas no pueden jugar} 17. Qxe7 {a causa de} Qxg4+ 18. Bg3 Qxh3)
17. Nxd5 Nd4 18. Qg2 Qxg4 19. Ne7+ Kh7 20. Nxc8 {
Evidentemente las blancas no podían dejar vivo este peligroso alfil.} Qxg2+ 21.
Kxg2 Raxc8 22. Bd2 (22. Re7 {se respondía simplemente con} a6 {Ahora las blanca
s quieren llevar su caballo a la casilla d5, lo que las negras evitan con su
siguiente jugada.}) 22... g5 {De todas maneras ahora las negras se verán
obligadas a sacrificar temporalmente un peón, mientras que con} (22... Rb8 23.
b3 Rb6 {seguido de ...Ra6 la posición negra sería preferible.}) 23. Re7 Kg6 24.
Rxa7 Ne6 25. b4 Rfd8 ({Era interesante} 25... Ra8 26. Rfxf7 Bd4 {
con la amenaza ...g4.}) 26. b5 ({No es posible} 26. Nf2 cxb4 {pero ahora,
aunque las negras recuperan el peón, las blancas obtienen dos pasados en el
flanco de dama.}) 26... Rxd3 27. Bc1 Rcd8 28. Raxf7 Rc3 29. Re7 Rd6 (29... Nd4
{parecía más natural, pero la jugada de la partida controla el avance del peón
"b".}) 30. Nf2 (30. a4 Rxc4 31. a5 {merecía considerarse. Las posibilidades de
las blancas no son, en tal caso, inferiores.}) 30... Bf6 31. Re8 Rc2 32. Kh1 ({
Anticipándose a ...Bd4 y desclavando el caballo. Pero tampoco era del todo
satisfactorio} 32. Re1 Kf7 33. Rb8 Bd4 34. Be3 Nf4+ 35. Kf1 Bxe3 36. Rxe3 Rxa2
{y las negras están mejor.}) 32... Rxc4 33. Re1 Nc7 34. Rg8+ Kh7 35. Rb8 Re6
36. Rf1 Nd5 {
A pesar de la igualdad material, está claro que las negras tienen ventaja.} 37.
Rc8 Bd4 38. Ng4 $2 ({
Un error que lleva a pérdidas materiales. De cualquier modo tras} 38. Rd8 Nc3 {
la posición de las blancas no es buena.}) 38... h5 {
[Ahora el caballo no tiene retirada]} 39. Rd8 {Pero Anand jugó} Nf4 $2 ({Tras} 
39... Nb6 {las blancas pierden una pieza de modo forzado:} 40. Ne3 Bxe3 41.
Bxe3 Rxe3 42. Rd6 Nc8 43. Rd7+ Kg6 44. b6 Rb4 45. b7 Ne7) 40. Bxf4 gxf4 41. Nf2
Rc3 ({Tal vez} 41... Rc2 {todavía fuera suficiente para mantener la ventaja:}
42. Nh3 Ree2 43. Ng5+ Kg6 44. Nf3 Rxa2) 42. Rf8 Rc2 {Con sus dos últimas
jugadas las negras confiaban en doblar torres en la séptima fila, pues la
maniobra defensiva mencionada en el comentario anterior Nh3-Ng5+ y Nf3 falla
ya que el rey negro ataca la torre de f8. Sin embargo las tablas todavía
tienen un curioso recurso.} 43. Rxf4 Ree2 {
Parece que las negras ganan pero existe un curioso recurso.} 44. b6 Bxf2 {
y las negras ofrecieron tablas. Después de 45.b7 Bg3 (45...Rb2 46.Rxf2) 46.
Rf7+ Kg6 47.R1f6+ Kg5 48.hxg3 de la ventaja negra no queda nada.} ({De todas fo
rmas, en lugar de 44...Bxf2 las negras podían poner a su adversario ante
mayores problemas con} 44... Rxa2 45. b7 Rab2 {
lo mejor para las blancas, en tal caso, parece} 46. Rf5 Kg6 47. Rf8 Rxb7 (47...
Be5 48. Rg8+ Kh6 49. Rg2) 48. Nd3 Kg7 49. R8f5 {
y probablemente pueden alcanzar el empate pero aún deben jugar con precisión.})
1/2-1/2